| 000 | 02092nam0a2200373 4500 | ||
|---|---|---|---|
| 001 | RU\NLR\bibl\1461283 | ||
| 005 | 20260407213854.0 | ||
| 010 |
_a978-5-9239-0168-9 _91000 |
||
| 021 |
_aRU _b2009-91963 _95816 |
||
| 035 | _a(nilc)RSL-KNO-004414129 | ||
| 035 | _a(NLR Aleph) 001453048 | ||
| 090 |
_a1535337 _c1535337 |
||
| 100 | _a20091120d2009 |||y0rusy50 ca | ||
| 101 | 0 | _arus | |
| 102 | _aRU | ||
| 105 | _aa ||||||||| | ||
| 200 | 1 |
_aЛисино. 200 лет служения лесам России _f[Б. В. Бабиков, д.с.-х.н., проф., А.С. Алексеев, д.т.н., проф., А.Г. Никифоров, к.с.-х.н. и др. _gотв. ред. А. В. Селиховкин, д.б.н., проф.] |
|
| 210 |
_aСанкт-Петербург _cСанкт-Петербургская гос. лесотехническая акад. (СПбГАТА) _d2009 |
||
| 215 |
_a222 с. _cил., цв. ил., портр., табл. _d25 |
||
| 300 | _aАвт. указаны на обороте тит. л. | ||
| 601 | 0 | 2 |
_aЛисинское учебно-опытное лесничество _cЛенинградская область _xИстория _92608725 _3RU\NLR\auth\661545283 |
| 686 |
_aП3е(2)л43 _2rubbk |
||
| 686 | _aП3е(2)л43 | ||
| 701 | 1 |
_aБабиков _bБ. В. _gБорис Васильевич _4070 |
|
| 701 | 1 |
_4070 _aАлексеев _bА. С. _cд-р геогр. наук, канд. экон. наук _f1953- _gАлександр Сергеевич _3RU\NLR\auth\7713849 _9123531 |
|
| 701 | 1 |
_4070 _8rus _7ca _aНикифоров _bА. Г. _cканд. с.-х. наук _3RU\NLR\AUTH\7794465 _977391 |
|
| 702 | 1 |
_4340 _8rus _7ca _aСелиховкин _bА. В. _f1955- _gАндрей Витимович _3RU\NLR\auth\7794438 _977364 |
|
| 712 | 0 | 2 |
_4570 _aЛисинское учебно-опытное лесничество _cЛенинградская область _3RU\NLR\AUTH\8810143452 _9781499 |
| 801 | 0 |
_aRU _bРГБ _c20091120 _grcr |
|
| 801 | 1 |
_aRU _bРГБ _c20091120 |
|
| 801 | 2 |
_aRU _bNLR _c20100115 _grcr |
|
| 942 | _cBOOK | ||
| 980 | _aNB | ||